| 000 | 01757nam2a2200265 4500 | ||
|---|---|---|---|
| 001 | RU\NLR\BIBL_A\010449267 | ||
| 005 | 20250614053753.0 | ||
| 010 |
_a978-5-9506-1038-7 _9150 |
||
| 021 |
_aRU _b2014-42319 _92577 |
||
| 035 | _a(NLR Aleph) 010449267 | ||
| 090 |
_a9920526 _c9920526 |
||
| 100 | _a20140807d2013 |||y0rusy50 ca | ||
| 101 | 0 | _arus | |
| 102 | _aRU | ||
| 105 | _aa|||z|||100yy | ||
| 200 | 1 |
_aДоклады к самарским заседаниям конференции _f[ред.-сост.: Г.Р. Хасаев и Л.Л. Рыбаковский] |
|
| 210 |
_d2013 _aБ. м. |
||
| 215 |
_a129 с. _cил. |
||
| 320 | _aБиблиогр. в конце ст. и в подстроч. примеч. | ||
| 461 | 0 |
_1001RU\NLR\BIBL_A\010466818 _12000#$aСтратегия демографического развития России: рождаемость и семейная политика$eматериалы Всероссийской научно-практической конференции, 19-20 июня 2013 года$f[ред.-сост.: Л.Л. Рыбаковский]$vВып. 2 _910005265 _cМосква _d2013 _f[ред.-сост.: Л.Л. Рыбаковский] _nЭкон-информ _oматериалы Всероссийской научно-практической конференции, 19-20 июня 2013 года _tСтратегия демографического развития России: рождаемость и семейная политика _vВып. 2 |
|
| 702 | 1 |
_4220 _7ca _8rus _aХасаев _bГ. Р. _f1951- _gГабибулла Рабаданович _9159980 _3RU\NLR\AUTH\770160021 |
|
| 942 | _cBOOK | ||
| 980 | _aNB | ||